000 00542nam a2200229Ia 4500
003 OSt
005 20221005124655.0
006 a|||||r|||| 00| 0
007 ta
008 221004b |||||||| |||| 00| 0 eng d
024 _a59845
037 _cTextual
040 _aCRL
_cCRL
_beng
041 _2eng
_aeng
082 _aV2:25:N3, G11
100 _aMeston
_9635604
245 0 _aNationhood for India
260 _c1931
650 _aHISTORY
942 _hV2:25:N3, G11
_cTEXL
_2cc
999 _c1051247
_d1051247